| 000 | 00596nam a2200205Ia 4500 | ||
|---|---|---|---|
| 003 | GCL | ||
| 008 | 140319s9999 xx 000 0 ara d | ||
| 040 |
_aGCL / _cGCL |
||
| 082 | 0 | 4 |
_a602 _bب ب |
| 100 | 1 | _aبروس يلفن | |
| 245 | 1 | 0 |
_aبناة المستقبل / _cبروس يلفن |
| 700 | 1 | _aاحسان احمد القوصى | |
| 260 |
_a[S.N] : _bمكتبة النهضة المصرية |
||
| 300 | _a215 ص | ||
| 490 | _a | ||
| 650 | 0 | 4 | _aالتكنولوجيا |
| 650 | 0 | 4 | _aالعلوم التطبيقية |
| 650 | 0 | 4 | _aالتكولوجيا والحضارة |
| 942 |
_2ddc _cBK |
||
| 999 |
_c36251 _d36251 |
||